000 00780nam a2200253 a 4500
001 BRCA_8230
005 20190320210203.0
008 220514s1954----gw-a###f##---#001-0#ger-#
041 _ager
044 _agw
050 4 _aNK2808
_b.R67 1954
100 1 _aRopers, Hinrich
_99435
245 1 0 _aMorgenländische Teppiche
_cvon H. Ropers ; sechste von R. Diecke.
260 _aBraunschwieg, Alemania
_bKlinkhardt & Biermann
_c1954
300 _a319 p.
_bil., mapas, 23 láminas
_c25 cm.
440 0 _aBibliothek für kunst
_nXIX
_920524
500 _aVer también Y99
500 _aT36
650 1 4 _aTapices orientales
_vColeccionistas y colecciones
_920061
650 1 4 _aTapices orientales
_vCatálogos
_920062
700 1 _aDiecke, R.
_920525
902 _aGFM
942 _2lcc
_cB
999 _c7898
_d7898